000 01020nam a2200409Ia 4500
001 4255
005 20240113233724.0
007 ta
008 050609s1991 g b000 u asm u
020 _cRs. 45.00 (HB)
040 _aCotton College,Assam
041 _aasm
082 _a891.41308
_bBh 469 Bi
100 _aBhattacharya, Parag Kr. .
245 0 _aBiswa Sahityar Jilingani /
_cParag Kr. Bhattacharya.
_hTextual Documents
250 _a1st ed. /
260 _aGuwahati :
_bBanalata ,
_c1991.
300 _a295p. ;
_c22cm.
365 _aRs. 45.00
653 _aAssamese Fiction-Collections
653 _aAssamese Literature
653 _aPG-Assamese
653 _aMS-Assamese
653 _aT/G-Assamese
942 _2ddc
_cBK
999 _c4242
_d4242